000 00912nam a2200217Ia 4500
001 19980
003 GE_BSU
008 181216s||||||||xx |||||||||||||| ||und||
040 _cGE_BSU
080 _aპერიოდიკა
245 _aსაპატრიარქოს უწყებანი 23-29 მარტი №11(841) 2017.
245 _bპატრიარქის ქადაგება,ქრონიკა, ინფორმაცია და სხვა.
245 _cრედ:დეკანოზი დავით შარაშენიძე და სხვა.
260 _aთბილისი
260 _c2017
300 _a20სმ. 30სმ.
653 _aპერიოდიკა
653 _aრელიგია
653 _aსაპატრიარქოს უწყებანი. 23-29 მარტი №11(841) 2017.
942 _cCR
999 _c52949
_d52949